Fibra en el lazo de abonado FITL
保存先:
| 第一著者: | |
|---|---|
| その他の著者: | |
| フォーマット: | 図書 |
| 出版事項: |
San José, C.R.
1996
|
| 主題: | |
| タグ: |
タグ追加
タグなし, このレコードへの初めてのタグを付けませんか!
|
MARC
| LEADER | 00000nam a2200000Ia 4500 | ||
|---|---|---|---|
| 003 | 008059 | ||
| 005 | 20221231144235.0 | ||
| 008 | 140114s1996 cr a m 000 ||s d | ||
| 040 | |c cru CEDI | ||
| 090 | |a TFG 3547 | ||
| 100 | |a Gómez Flores, José Carlos |9 9710 | ||
| 245 | |a Fibra en el lazo de abonado FITL | ||
| 260 | |c 1996 |a San José, C.R. | ||
| 300 | |a xvii, 139 hojas : ilustraciones | ||
| 500 | |a Tesis (licenciatura en ingeniería eléctrica)--Universidad de Costa Rica. Facultad de Ingeniería. Escuela de Ingeniería Eléctrica | ||
| 650 | |x REDES DE TELECOMUNICACIONES |9 9712 | ||
| 700 | |9 9711 |a Martínez Lara, Victor Manuel | ||
| 942 | |c TFG | ||
| 999 | |c 18932 |d 18932 | ||
